| 000 | 01150nam a2200241 i 4500 | ||
|---|---|---|---|
| 001 | 149470 | ||
| 003 | ES-MaACL | ||
| 005 | 20251003185100.0 | ||
| 007 | t| | ||
| 008 | 071022s1972 sp |||| | spa d | ||
| 110 | 2 |
_aInstituto de Sociología Aplicada de Madrid. _95010 |
|
| 245 | 1 | 0 |
_aViolencia y medios de comunicación social _b: (estudio sociológico) / _c[dirección, Jesús María Vázquez, O.P.]. |
| 260 |
_aMadrid : _bConfederación Española de Cajas de Ahorros, _c[1972] |
||
| 300 |
_a383 p. ; _c25 cm. |
||
| 490 | 1 |
_aPublicaciones del Fondo para la Investigación Económica y Social de la Confederación Española de Cajas de Ahorro ; _v43 |
|
| 650 | 1 | 4 |
_aViolencia- _xEn los medios de comunicación social. _917815 |
| 700 | 1 |
_aVázquez, Jesús María, _d1923- _9151167 |
|
| 710 | 2 |
_aConfederación Española de Cajas de Ahorros. _bFondo para la Investigación Económica y Social. _93149 |
|
| 830 | 0 |
_aPublicaciones del Fondo para la Investigación Económica y Social de la Confederación Española de Cajas de Ahorros ; _v43 _9186891 |
|
| 852 |
_aES-MaACL _jC-48248 _9154847 |
||
| 942 | _2udc | ||
| 999 |
_c149470 _d149470 |
||